00445nam a22001577a 450000500170000000800410001702000150005802200130007304100120008608200120009810000120011024500610012226000550018330000240023865000250026220240809140134.0240809b |||||||| |||| 00| 0 eng d a0409016756 a03789373 aEnglish a349 SOU lEnglish aIndex and Noter-Up to the South African Law Reports 1991 aDurban:bButterworth Publishers (Pty) Ltd, c1992  b129 pages;c25 cm.  aLegal practice bLaw